[Event "ch-PER"]
[Site "Lima PER"]
[Date "2000.10.09"]
[Round "10"]
[White "Garcia Toledo,P"]
[Black "Alarcon,Ru"]
[Result "1/2-1/2"]
[WhiteElo "2294"]
[BlackElo "2188"]

1.d4 Nf6 2.c4 g6 3.Nc3 d5 4.cxd5 Nxd5 5.e4 Nxc3 6.bxc3 Bg7 7.Bc4 c5 8.Ne2 Nc6
9.Be3 cxd4 10.cxd4 O-O 11.O-O e6 12.Rc1 Na5 13.Bd3 b6 14.Qd2 Bb7 15.Bh6  1/2-1/2

[Event "Tatry Open"]
[Site "Tatranske Zruby SVK"]
[Date "2000.10.12"]
[Round "6"]
[White "Balogh,T"]
[Black "Walek,M"]
[Result "1/2-1/2"]
[WhiteElo "2421"]
[BlackElo "2314"]

1.d4 Nf6 2.c4 g6 3.Nc3 d5 4.cxd5 Nxd5 5.e4 Nxc3 6.bxc3 Bg7 7.Bc4 O-O 8.Ne2 c5
9.Be3 Nc6 10.Rc1 Bg4 11.f3 Na5 12.Bd3 Bd7 13.O-O Qc7 14.Qd2  1/2-1/2

[Event "3rd Int"]
[Site "Torshavn FAI"]
[Date "2000.10.12"]
[Round "7"]
[White "Savchenko,S"]
[Black "Conquest,S"]
[Result "0-1"]
[WhiteElo "2579"]
[BlackElo "2529"]

1.d4 Nf6 2.c4 g6 3.Nc3 d5 4.cxd5 Nxd5 5.e4 Nxc3 6.bxc3 Bg7 7.Nf3 c5 8.h3 O-O
9.Be2 b6 10.Be3 Bb7 11.Qd3 cxd4 12.cxd4 Nd7 13.O-O Nf6 14.Nd2 Qd7 15.a4 a5
16.Qb1 e6 17.Bd3 Ba6 18.Bxa6 Rxa6 19.Rc1 Rb8 20.Qd3 Raa8 21.Nc4 Qb7 22.Nd6 Qd7
23.Nb5 Rc8 24.Rab1 h5 25.Bf4 Rxc1+ 26.Rxc1 Rc8 27.Rd1 Bf8 28.d5 exd5 29.exd5 Rc5
30.d6 Rd5 31.Qb3 Rxd1+ 32.Qxd1 Qf5 33.Be3 Nd7 34.Qc1 Kh7 35.h4 Bg7 36.Qd1 Qe4
37.g3 Bf6 38.Bf4 Bxh4 39.Qb3 Kg7 40.Qc3+ Bf6 41.Qc8 Qf5 42.Nc7 Bd4 43.Ne8+ Kh7
44.Qc4 Bh8 45.Kg2 h4 46.gxh4 b5 47.axb5 Nb6 48.Qc1 Qxb5 49.Nc7 Qf5 50.Bg3 a4
51.Qe3 Nd7 52.Na6 Qd5+ 53.Kg1 Qb3 54.Qe4 a3 55.Nb4 Bc3 56.Nc2 a2 57.Kh2 Nf6
58.Qe7 Kg7 59.h5 Qxc2 60.h6+ Kxh6 61.Qxf7 a1=Q  0-1

[Event "Tatry Open"]
[Site "Tatranske Zruby SVK"]
[Date "2000.10.13"]
[Round "7"]
[White "Kantorik,M"]
[Black "Zacik,A"]
[Result "1-0"]
[WhiteElo "2289"]
[BlackElo "2140"]

1.d4 Nf6 2.c4 g6 3.Nc3 d5 4.cxd5 Nxd5 5.e4 Nxc3 6.bxc3 Bg7 7.Nf3 O-O 8.Rb1 c5
9.Be2 cxd4 10.cxd4 Qa5+ 11.Bd2 Qxa2 12.O-O Nc6 13.d5 Nd4 14.Nxd4 Bxd4 15.Bb4 Bg7
16.Bxe7 Re8 17.d6 Qe6 18.Qa4 Rxe7 19.dxe7 Qxe7 20.Bc4 b6 21.Bd5 Rb8 22.f4 a5
23.Rfd1 Bg4 24.Rd3 Qc5+ 25.Kh1 Rc8 26.h3 Be2 27.Bxf7+ Kf8 28.Rd2 b5 29.Qa2 Bc4
30.Bxc4 Qxc4 31.e5 Qxf4 32.Rf2  1-0

[Event "Bundesliga 2000-1"]
[Site "Hamburg GER"]
[Date "2000.10.14"]
[Round "1"]
[White "Michaelsen,N"]
[Black "Giemsa,S"]
[Result "1/2-1/2"]
[WhiteElo "2442"]
[BlackElo "2299"]

1.d4 Nf6 2.c4 g6 3.Nc3 d5 4.cxd5 Nxd5 5.e4 Nxc3 6.bxc3 Bg7 7.Bb5+ c6 8.Ba4 O-O
9.Ne2 Be6 10.O-O Qa5 11.Bb3 Bxb3 12.Qxb3 Qa6 13.Re1 c5 14.Rb1 cxd4 15.cxd4 Nc6
16.d5 Na5 17.Qa3 Rfc8 18.Bb2 Bf8 19.Bc3 b6 20.Bb4 e5 21.dxe6 fxe6 22.Nd4 Qc4
23.Bxf8 Rxf8 24.Rb4 Qc5 25.Rc1 Qe5 26.Nf3 Qd6 27.Qb2 Rac8 28.Rd4 Qf4 29.Rcd1 Qf6
30.h3 Nc4 31.Qb5 Rc5 32.Qd7 Rf7 33.Qd8+ Qxd8 34.Rxd8+ Kg7 35.Ng5 Re7 36.f4 h6
37.Nf3 Rcc7 38.Nd4 a6 39.e5 Kf7 40.Rc1 b5 41.Rh8 Red7 42.Rh7+ Ke8 43.Rh8+ Kf7
44.Rh7+ Ke8 45.Rh8+ Kf7 46.Rh7+  1/2-1/2

[Event "It"]
[Site "Alushta UKR"]
[Date "2000.10.16"]
[Round "2"]
[White "Shishkin,V"]
[Black "Kovchan,A"]
[Result "1-0"]
[WhiteElo "2415"]
[BlackElo "2420"]

1.d4 Nf6 2.c4 g6 3.Nc3 d5 4.cxd5 Nxd5 5.e4 Nxc3 6.bxc3 Bg7 7.Nf3 c5 8.Rb1 Nc6
9.d5 Bxc3+ 10.Bd2 Bxd2+ 11.Qxd2 Nd4 12.Nxd4 cxd4 13.Bb5+ Bd7 14.O-O O-O 15.Qxd4 Bxb5
16.Rxb5 Qd7 17.Rc5 Rfc8 18.Rfc1 Rxc5 19.Qxc5 b6 20.Qc7 Rd8 21.g3 Kf8 22.a4 Qxc7
23.Rxc7 a6 24.Rb7 Rd6 25.f3 e6 26.dxe6 Rxe6 27.Kf2 Rc6 28.Ke3 g5 29.h4 gxh4
30.gxh4 Rh6 31.Kf2 a5 32.Kg3 Rg6+ 33.Kf4 Rf6+ 34.Kg4 Rg6+ 35.Kf5 Rh6 36.f4 Rxh4
37.Rxb6 Rh5+ 38.Kg4 Rc5 39.e5 Rc4 40.Kg5 Rxa4 41.f5 Rb4 42.Ra6 Rb8 43.Kf6 h5
44.Rxa5 Kg8 45.Ra1 Rb6+ 46.e6 fxe6 47.fxe6 Kh7 48.Ra7+ Kh6 49.Ra8 Kh7 50.Kf7  1-0

[Event "It"]
[Site "Alushta UKR"]
[Date "2000.10.18"]
[Round "4"]
[White "Ovsejevitsch,S"]
[Black "Gasanov,E"]
[Result "1/2-1/2"]
[WhiteElo "2526"]
[BlackElo "2389"]

1.d4 Nf6 2.c4 g6 3.Nc3 d5 4.cxd5 Nxd5 5.e4 Nxc3 6.bxc3 Bg7 7.Be3 c5 8.Qd2 Qa5
9.Rb1 b6 10.Bb5+ Bd7 11.Be2 O-O 12.Rc1 Nc6 13.d5 Ne5 14.f4 Ng4 15.Bxg4 Bxg4
16.f5 gxf5 17.h3 Bh5 18.exf5 f6 19.c4 Qxd2+ 20.Bxd2 Rfd8 21.Ne2 b5 22.Nf4 Bf7
23.Ne6 Rd7 24.Nxc5 Rc7 25.Ne6 Rxc4 26.Rxc4 bxc4 27.Kd1 Be8 28.Kc2 Rb8 29.Kc3 Bd7
30.Re1 Bh8 31.Bh6 Kf7 32.Re4 Rg8 33.g4 Bb5 34.Nc7 Rb8 35.Nxb5 Rxb5 36.Kxc4 Ra5
37.Re2 Ra3 38.Be3 Ra4+ 39.Kd3 Bg7 40.Rb2 Ra3+ 41.Ke4 Ra4+ 42.Bd4 a6 43.h4 Bh6
44.d6 e5 45.fxe6+ Kxe6 46.Rb7 Bf8 47.d7 Be7 48.h5 Bd8 49.Rb2 Kxd7  1/2-1/2

[Event "ch-ARG"]
[Site "Buenos Aires ARG"]
[Date "2000.10.21"]
[Round "11"]
[White "Sorin,A"]
[Black "Pierrot,F"]
[Result "1/2-1/2"]
[WhiteElo "2490"]
[BlackElo "2423"]

1.d4 Nf6 2.c4 g6 3.Nc3 d5 4.cxd5 Nxd5 5.e4 Nxc3 6.bxc3 Bg7 7.Nf3 c5 8.Bb5+ Nc6
9.O-O cxd4 10.cxd4 O-O 11.Be3 Bg4 12.Bxc6 bxc6 13.Rc1 Qa5 14.Rxc6  1/2-1/2

[Event "ch-GRE"]
[Site "Agios Nikolaos GRE"]
[Date "2000.10.22"]
[Round "10"]
[White "Banikas,H"]
[Black "Mouroutis,K"]
[Result "1-0"]
[WhiteElo "2542"]
[BlackElo "2217"]

1.d4 Nf6 2.c4 g6 3.Nc3 d5 4.cxd5 Nxd5 5.e4 Nxc3 6.bxc3 Bg7 7.Be3 O-O 8.Qd2 c5
9.Nf3 Bg4 10.Ng5 cxd4 11.cxd4 Nc6 12.h3 Bd7 13.Rb1 Na5 14.Bd3 Rc8 15.O-O b5
16.Bxb5 Bxb5 17.Rxb5 Nc4 18.Qd3 Qd7 19.Rfb1 Qc6 20.d5 Qd6 21.Bxa7 Qa6 22.Bc5 Qxa2
23.Bxe7 Rfe8 24.d6 Na3 25.d7 Nxb1 26.Rxb1 Bd4 27.Rf1  1-0

[Event "It"]
[Site "Alushta UKR"]
[Date "2000.10.26"]
[Round "12"]
[White "Ovsejevitsch,S"]
[Black "Shishkin,V"]
[Result "1/2-1/2"]
[WhiteElo "2526"]
[BlackElo "2415"]

1.d4 Nf6 2.c4 g6 3.Nc3 d5 4.cxd5 Nxd5 5.e4 Nxc3 6.bxc3 Bg7 7.Be3 c5 8.Qd2 cxd4
9.cxd4 Nc6 10.Rd1 Bg4 11.f3 Bd7 12.f4 Qa5 13.Nf3 Rc8 14.Rb1 b6 15.Bb5 e6
16.a4 Ke7 17.Qxa5 Nxa5 18.Bd2 Rhd8 19.e5 Ke8 20.Ke2 Bf8 21.Bxd7+ Rxd7 22.Bxa5 bxa5
23.Rhc1 Kd8 24.Rxc8+ Kxc8 25.Kd3 h5 26.Ng5 Bb4 27.Rc1+ Kd8 28.Ne4 Rb7 29.Rb1 Rc7
30.g3 Ke7 31.h3 Rc8 32.Rh1 Ba3 33.Rb1 Bb4 34.Rh1 Ba3 35.Rb1  1/2-1/2

[Event "34th Olympiad"]
[Site "Istanbul TUR"]
[Date "2000.10.31"]
[Round "4"]
[White "Jussupow,A"]
[Black "Leko,P"]
[Result "1/2-1/2"]
[WhiteElo "2610"]
[BlackElo "2743"]

1.d4 Nf6 2.c4 g6 3.Nc3 d5 4.cxd5 Nxd5 5.e4 Nxc3 6.bxc3 Bg7 7.Bc4 c5 8.Ne2 Nc6
9.Be3 O-O 10.O-O Bg4 11.f3 Na5 12.Bd3 cxd4 13.cxd4 Be6 14.Rc1 Bxa2 15.Qa4 Be6
16.d5 Bd7 17.Qb4 e6 18.Nc3 exd5 19.Nxd5 Be6 20.Rfd1 Bxd5 21.exd5 Re8 22.Bf2 Bf8
23.Qb2 Bg7 24.Qb4  1/2-1/2

[Event "Chigorin Mem"]
[Site "St Petersburg RUS"]
[Date "2000.11.02"]
[Round "3"]
[White "Ovod,E"]
[Black "Vokarev,S"]
[Result "1/2-1/2"]
[WhiteElo "2263"]
[BlackElo "2469"]

1.d4 Nf6 2.c4 g6 3.Nc3 d5 4.cxd5 Nxd5 5.e4 Nxc3 6.bxc3 Bg7 7.Bb5+ c6 8.Ba4 O-O
9.Ne2 c5 10.O-O Nc6 11.Be3 Na5 12.Qd3 cxd4 13.cxd4 a6 14.Rac1 b5 15.Bb3 e6
16.Rfd1 Bb7 17.Bf4 Nxb3 18.axb3 Rc8 19.Rxc8 Qxc8 20.Rc1 Qa8 21.f3 Rc8 22.Rxc8+ Qxc8
23.Bd6 a5 24.b4 Qd7 25.Bc5 axb4 26.Bxb4 f5 27.Kf2 fxe4 28.fxe4 Qf7+ 29.Ke1 Bc6
30.g3 Qa7 31.d5 exd5 32.exd5 Qa1+ 33.Kf2 Bd7 34.Qe4 Qf6+ 35.Ke1 Qf7 36.Nf4 Qf5
37.Qxf5 Bxf5 38.Kd2 Kf7 39.Ke3 Ba1 40.Ne2 Kf6 41.Nc3 Bd7 42.Ke4 h5 43.h4 Bb2
44.Kf4 Bc1+ 45.Ke4 Bh6 46.Nd1 Bg4 47.Nc3 Bf5+ 48.Kd4 Bd7 49.Ne4+ Kf5 50.Nc5 Bg7+
51.Kd3 Bf8 52.Kd4 Bd6 53.Be1 Be5+ 54.Ke3 Be8 55.Nd3 Bf6 56.Kf3 Bf7 57.Nb4 Be7
58.Bd2 Bd6 59.Be1 Bc5 60.Bc3 Bb6 61.Bd2 Bd4 62.Be1 Bb6 63.Bd2 Ba5 64.Bc3 Bg8
65.Ke3 Kg4 66.Kd4 Kxg3 67.Be1+ Kg4 68.Kc5 Bd8 69.Nd3 Kf5 70.d6 Bc4 71.Nb4 Ke6
72.Nc6 Bf6 73.Nd4+ Kd7 74.Bg3 Bf1 75.Nxb5 Bb2 76.Bf4 Bf6 77.Bg3 g5 78.hxg5 Bxg5
79.Nc3 h4 80.Bh2 Be3+ 81.Kd5 Bg2+ 82.Ne4 h3 83.Ke5 Kc6 84.Kf5 Ba7 85.Ng5 Bc5
86.Kg4  1/2-1/2

[Event "34th Olympiad Women"]
[Site "Istanbul TUR"]
[Date "2000.11.05"]
[Round "8"]
[White "Geldyeva,M"]
[Black "Alieva,E"]
[Result "1/2-1/2"]
[WhiteElo "2283"]
[BlackElo "2240"]

1.d4 Nf6 2.c4 g6 3.Nc3 d5 4.cxd5 Nxd5 5.e4 Nxc3 6.bxc3 Bg7 7.Bc4 O-O 8.Ne2 c5
9.O-O cxd4 10.cxd4 Nc6 11.Be3 Bg4 12.f3 Na5 13.Bd5 Bc8 14.a3 e6 15.Ba2 b5
16.Rb1 a6 17.Qd3 Bb7 18.Rfc1 Rc8 19.Rxc8 Qxc8 20.Rc1 Qd7 21.Qd2 Nc6 22.Rd1 Rc8
23.Bh6 Bxh6 24.Qxh6 Qe7 25.Nf4 Nxd4 26.Rxd4 Rc1+ 27.Kf2 Rc2+ 28.Kg3 Rxa2
29.e5 Bd5 30.h4 Rxa3 31.h5 Ra4 32.Rd2 Rc4 33.hxg6 fxg6 34.Nxd5 exd5 35.Rxd5 Rc8
36.Qd2 b4 37.f4 Rf8 38.Rd6 g5 39.Qd5+ Kh8 40.e6 gxf4+ 41.Kf3 Qg7 42.Rd8 Qc3+
43.Ke2 Qc2+ 44.Kf3 Qc3+ 45.Ke2 Qc2+  1/2-1/2

[Event "Chigorin Mem"]
[Site "St Petersburg RUS"]
[Date "2000.11.05"]
[Round "5"]
[White "Tarasov,M"]
[Black "Beshukov,S"]
[Result "0-1"]
[WhiteElo "2335"]
[BlackElo "2428"]

1.d4 Nf6 2.c4 g6 3.Nc3 d5 4.cxd5 Nxd5 5.e4 Nxc3 6.bxc3 Bg7 7.Nf3 c5 8.Be2 Nc6
9.Be3 Bg4 10.e5 cxd4 11.cxd4 O-O 12.O-O Be6 13.Qd2 Bd5 14.Rfd1 Qd7 15.Ne1 b6
16.Nd3 Na5 17.Bh6 Rfd8 18.Bxg7 Kxg7 19.Nf4 Rac8 20.Nxd5 Qxd5 21.Bf3 Qe6 22.Qe2 Qc4
23.Qe3 Qb4 24.h4 Rc3 25.Rab1 Rxe3 26.Rxb4 Ra3 27.Rd2 e6 28.d5 exd5 29.Rbd4 Nc6
30.Rxd5 Re8 31.Re2 Re7 32.h5 Nb4 33.Rdd2 Ra5 34.hxg6 hxg6 35.Rd4 Nxa2 36.e6 fxe6
37.Rc2 Ra3 38.Rdc4 b5 39.Rg4 Nc3 40.Bc6 a5 41.Kh2 b4 42.f3 Ra1 43.Kg3 Rd1
44.Be4 Nxe4+ 45.Rxe4 Ra1 46.Rc6 b3 47.Rb6 a4 48.Reb4 Ra2 49.Kf4 Kf6 50.g3 g5+
51.Kg4 b2 52.Rxb2 Rxb2 53.Rxb2 a3 54.Ra2 Ra7 55.Kh3 Ra4 56.Kg2 Ke5 57.Kh3 Kd5
58.f4 gxf4 59.g4 Kc4 60.g5 Kb3  0-1

[Event "34th Olympiad"]
[Site "Istanbul TUR"]
[Date "2000.11.06"]
[Round "9"]
[White "Zhao Zong Yuan"]
[Black "Odeev,H"]
[Result "1/2-1/2"]
[WhiteElo "2341"]
[BlackElo "2442"]

1.d4 Nf6 2.c4 g6 3.Nc3 d5 4.cxd5 Nxd5 5.e4 Nxc3 6.bxc3 Bg7 7.Be3 c5 8.Qd2 Qa5
9.Nf3 O-O 10.Rc1 Nd7 11.d5 Nf6 12.c4 Qa3 13.Bd3 Bg4 14.Ng1 e5 15.Rc3 Qa5
16.Rb3 Qc7 17.f3 Bd7 18.Ne2 Ne8 19.O-O Nd6 20.Nc3 f5 21.Qb2 f4 22.Bf2 g5
23.a4 Rf7 24.Qa3 Rc8 25.Ra1 h5 26.Kf1 Bf6 27.Ke2 g4 28.Rbb1 Rg7 29.Rg1 Kh8
30.h3 Kg8 31.hxg4 hxg4 32.Rh1 g3 33.Be1 Rf8 34.Nb5 Bxb5 35.axb5 b6 36.Bc3 Rff7
37.Rh6 Qe7 38.Rah1 Rh7 39.Qa1 Ne8 40.R1h5 Rxh6 41.Rxh6 Rh7 42.Qh1 Rxh6 43.Qxh6 Qh7
44.Qxh7+  1/2-1/2

[Event "34th Olympiad"]
[Site "Istanbul TUR"]
[Date "2000.11.09"]
[Round "12"]
[White "Green,P"]
[Black "Bejaoui,A"]
[Result "1/2-1/2"]
[WhiteElo "2239"]
[BlackElo "2124"]

1.d4 Nf6 2.c4 g6 3.Nc3 d5 4.cxd5 Nxd5 5.e4 Nxc3 6.bxc3 Bg7 7.Bc4 c5 8.Ne2 Nc6
9.Be3 cxd4 10.cxd4 Qa5+ 11.Qd2 Qxd2+ 12.Kxd2 O-O 13.Rhd1 Na5 14.Bd3 Be6 15.Rdc1 Rfc8
16.Rxc8+ Rxc8 17.Rc1 Rxc1 18.Nxc1 Nc4+ 19.Bxc4 Bxc4 20.Nb3 b6 21.Kc3 Bf1
22.g3 Kf8 23.Nd2 Be2 24.Bf4 Ke8 25.Nc4 b5 26.Na5 Bf3 27.e5 Bd5 28.Kb4 Kd7
29.Kxb5 Bxa2 30.Ka6 e6 31.Kxa7 Bf8 32.Kb6 Bb4 33.Nc6 Be7 34.Na7 Bd5 35.Ka5 Bd8+
36.Kb4 Be7+ 37.Ka4 Bf3 38.Bd2 Bd1+ 39.Ka5 Bd8+ 40.Kb4 Be7+ 41.Ka5 Bd8+  1/2-1/2

[Event "Chigorin Mem"]
[Site "St Petersburg RUS"]
[Date "2000.11.09"]
[Round "8"]
[White "Simantsev,M"]
[Black "Grebionkin,Vl"]
[Result "1/2-1/2"]
[WhiteElo "2403"]
[BlackElo "2438"]

1.d4 Nf6 2.c4 g6 3.Nc3 d5 4.cxd5 Nxd5 5.e4 Nxc3 6.bxc3 Bg7 7.Nf3 c5 8.Rb1 O-O
9.Be2 cxd4 10.cxd4 Qa5+ 11.Qd2 Qxd2+ 12.Bxd2 b6 13.O-O Bb7 14.d5 Ba6 15.Bxa6 Nxa6
16.Be3 Rac8 17.Rfc1 Rfd8 18.Kf1 Rxc1+ 19.Rxc1 f5 20.Ng5 fxe4 21.Rc4 b5 22.Rxe4 Bf6
23.Nf3 Rxd5 24.Bxa7 Rd1+ 25.Re1 Rd7 26.Be3 Nb4 27.Rb1 Nxa2 28.Bd2 Rd5 29.Rb3 b4
30.Ke1 Ra5 31.Ke2 Ra3 32.Rb1 Nc3+ 33.Bxc3 Bxc3 34.Kd3 Ra2 35.Ke3 h6 36.Ng1 Ra1
37.Rxa1 Bxa1 38.Kd3 Be5 39.Nf3 Bd6 40.Kc4 Kf7 41.h3 Kf6 42.Nd4 Ke5 43.Nf3+ Kf4
44.Nh4 g5 45.Ng6+ Ke4 46.Nh8 e6 47.Nf7 Bf8 48.Nd8 e5 49.Ne6 Bd6 50.Ng7 Bc5
51.f3+ Kf4 52.Ne6+ Kg3 53.Nxc5 Kxg2 54.Nd3 Kxf3 55.Nxe5+ Kf4 56.Ng4 h5 57.Nf6 h4
58.Kxb4 Kg3 59.Ne4+ Kxh3 60.Nxg5+ Kg4  1/2-1/2

[Event "34th Olympiad"]
[Site "Istanbul TUR"]
[Date "2000.11.10"]
[Round "13"]
[White "Mueller,L"]
[Black "Faulks,N"]
[Result "1/2-1/2"]
[WhiteElo "2249"]
[BlackElo "2025"]

1.d4 Nf6 2.c4 g6 3.Nc3 d5 4.cxd5 Nxd5 5.e4 Nxc3 6.bxc3 Bg7 7.Bb5+ c6 8.Ba4 O-O
9.Ne2 Nd7 10.O-O b5 11.Bb3 Bb7 12.a4 a6 13.Be3 e5 14.Qd2 exd4 15.cxd4 c5
16.axb5 axb5 17.Rxa8 Bxa8 18.dxc5 Ne5 19.Bd5 Nc4 20.Qd3 Qe7 21.Rb1 Rd8 22.Rxb5 Nxe3
23.fxe3 Be5 24.g3 Bc6 25.Ra5 Qc7 26.Ra2 Bxd5 27.exd5 Qxc5 28.Rd2 Bc7 29.Kf2 Bb6
30.Nc3 Re8 31.Ne4 Qe7 32.Kf3 f5 33.Nf2 Qxe3+  1/2-1/2

[Event "Chigorin Mem"]
[Site "St Petersburg RUS"]
[Date "2000.11.10"]
[Round "9"]
[White "Mirovshchikov,S"]
[Black "Rogovoi,M"]
[Result "1-0"]
[WhiteElo "2375"]
[BlackElo "2252"]

1.d4 Nf6 2.c4 g6 3.Nc3 d5 4.cxd5 Nxd5 5.e4 Nxc3 6.bxc3 Bg7 7.Be3 c5 8.Nf3 Qa5
9.Qd2 Nc6 10.Rc1 O-O 11.d5 Ne5 12.Nxe5 Bxe5 13.c4 Qa3 14.Be2 f5 15.f4 Bc7
16.Rc3 Qb4 17.a3 Qb1+ 18.Rc1 Qb3 19.Bxc5 fxe4 20.O-O Bb6 21.Bxb6 axb6 22.Rc3 Qa4
23.Qd4 Qa5 24.Re3 Qc5 25.Qxc5 bxc5 26.Rxe4 Kf7 27.Re3 Ra6 28.Rb1 b6 29.Reb3 Bf5
30.Rxb6 Rxa3 31.R1b5 Rc8 32.Rc6 Rca8 33.Rb7 Be4 34.Re6  1-0

[Event "Chigorin Mem"]
[Site "St Petersburg RUS"]
[Date "2000.11.10"]
[Round "9"]
[White "Ershova,S"]
[Black "Grechihin,V"]
[Result "1/2-1/2"]
[WhiteElo "2264"]
[BlackElo "2540"]

1.d4 Nf6 2.c4 g6 3.Nc3 d5 4.cxd5 Nxd5 5.e4 Nxc3 6.bxc3 Bg7 7.Nf3 O-O 8.Rb1 c5
9.Be2 Nc6 10.d5 Ne5 11.Nxe5 Bxe5 12.Qd2 e6 13.f4 Bc7 14.Bc4 Rb8 15.O-O exd5
16.Bxd5 b5 17.c4 Ba5 18.Qe3 Be6 19.f5 Bxd5 20.f6 Kh8 21.cxd5 g5 22.Qxg5 Rg8
23.Qh5 Rg6 24.Rb3 Qg8 25.Bh6 Rxg2+ 26.Kh1 Qg6 27.Bg7+ Kg8 28.Qe5 Rc8 29.d6 h5
30.d7 Rd8 31.Rxb5 Bc7 32.Qxc7 Rg1+ 33.Rxg1 Qxe4+ 34.Rg2 Qe1+  1/2-1/2

[Event "Tch-AUT 2000-01"]
[Site "Gleisdorf AUT"]
[Date "2000.11.17"]
[Round "3"]
[White "Wells,P"]
[Black "Groszpeter,A"]
[Result "1-0"]
[WhiteElo "2522"]
[BlackElo "2483"]

1.d4 Nf6 2.c4 g6 3.Nc3 d5 4.cxd5 Nxd5 5.e4 Nxc3 6.bxc3 Bg7 7.Bc4 c5 8.Ne2 Nc6
9.Be3 O-O 10.O-O Na5 11.Bd3 b6 12.Rc1 cxd4 13.cxd4 Bb7 14.d5 e6 15.dxe6 fxe6
16.Nf4 Qe7 17.Qg4 Rad8 18.Rfd1 Rd6 19.e5 Bxe5 20.Bxg6 Bxf4 21.Bf7+ Kh8 22.Bxf4 Rxd1+
23.Rxd1 e5 24.Rd7 Qf6 25.Bg5 Qg7 26.Qh4 Bc8 27.Rc7 Qxf7 28.Bf6+ Kg8 29.Qg5+ Qg6
30.Rg7+  1-0

[Event "Tch-AUT 2000-01"]
[Site "Gleisdorf AUT"]
[Date "2000.11.18"]
[Round "4"]
[White "Frosch,E"]
[Black "Neubauer,M"]
[Result "1-0"]
[WhiteElo "2323"]
[BlackElo "2352"]

1.d4 Nf6 2.c4 g6 3.Nc3 d5 4.cxd5 Nxd5 5.e4 Nxc3 6.bxc3 Bg7 7.Rb1 c5 8.Bb5+ Bd7
9.Bxd7+ Qxd7 10.Nf3 Nc6 11.Be3 O-O 12.O-O cxd4 13.cxd4 e6 14.Qd2 b6 15.Rfd1 Rfc8
16.Bh6 Bh8 17.Qf4 Rd8 18.Bg5 Re8 19.e5 Ne7 20.Rd3 Rac8 21.Nd2 Nd5 22.Qf3 Rc2
23.Ne4 Rec8 24.h4 Rxa2 25.Bf6 Bxf6 26.Nxf6+ Nxf6 27.Qxf6 Qd8 28.Qf4 h5 29.Rbd1 Rc4
30.Rf3 Qe7 31.g4 hxg4 32.Qxg4 Rac2 33.h5 Rc1 34.Rxc1 Rxc1+ 35.Kg2 g5 36.h6 Kh8
37.Kh2 Rc8 38.d5 Rg8 39.d6 Qb7 40.Rd3 Qd7 41.Qc4 Rc8 42.Qe4 Rc5 43.Qf3 f5
44.exf6 Rf5 45.Qa8+ Kh7 46.Qf8 Rxf2+ 47.Kg1  1-0

[Event "Czech Extra League 2000-1"]
[Site "CZE"]
[Date "2000.11.19"]
[Round "2"]
[White "Kanok,J"]
[Black "Turner,Ja"]
[Result "1/2-1/2"]
[WhiteElo "2222"]
[BlackElo "2292"]

1.d4 Nf6 2.c4 g6 3.Nc3 d5 4.cxd5 Nxd5 5.e4 Nxc3 6.bxc3 Bg7 7.Be3 c5 8.Qd2 Qa5
9.Nf3 O-O 10.Rc1 Nc6 11.d5 Ne5 12.Nxe5 Bxe5 13.f4 Bg7 14.c4 Qc7 15.Bd3 b6
16.O-O Bd7 17.e5 Rad8 18.Rce1 e6 19.Bf2 Rde8 20.d6 Qc8 21.Bh4 f6 22.exf6 Bxf6
23.Bxf6 Rxf6 24.Qc3 Ref8 25.Qe5 Qa6 26.Re3 Qxa2 27.h4 Qd2 28.h5 Bc6 29.Rf2 Qd1+
30.Rf1 Qxh5 31.Be2 Qxe5 32.fxe5 Rxf1+ 33.Bxf1 a5 34.Be2 a4 35.Bg4 Bd7 36.g3 Kg7
37.Bf3 Rb8 38.Ra3 b5 39.cxb5 Rxb5 40.Kf2 Rb2+ 41.Ke3 Kf7 42.Bd1 Rg2 43.Kf4 Rd2
44.Bf3 Rb2 45.Bd1 Bc6 46.Rc3 Rb4+ 47.Kg5 Kg7 48.g4 h6+ 49.Kh4 g5+ 50.Kg3 c4
51.Kf2 Kf7 52.Ke3 Rb5 53.Rxc4 Rxe5+ 54.Kf2 Bb5 55.Rc7+ Kf6 56.Bf3 a3 57.Ra7 Rc5
58.Rxa3 Ke5 59.Ra7 Kxd6 60.Rh7 Rc2+ 61.Kg3 Rc3 62.Kf2 Bc6 63.Be2 Rh3 64.Ra7 Bd5
65.Ra4 Ke5 66.Rb4 Ra3 67.Bd1 Rd3 68.Be2 Rb3 69.Rxb3 Bxb3 70.Ke3 Bd5 71.Bd1 Kf6
72.Be2 Bc6 73.Bd1 Be8 74.Ke4 Bg6+ 75.Ke3 h5 76.gxh5 Bf5 77.Ba4 Kg7 78.Be8 Kh6
79.Bf7 e5 80.Be8 g4 81.Bf7 Kg5 82.Be8 Bc8 83.Bf7 Bb7 84.Kf2 Be4 85.Be8 Bd5
86.Kg3 Be6 87.Bg6 Bf5 88.Bxf5 Kxf5 89.h6 Kg6 90.Kxg4  1/2-1/2

[Event "Scaccomatto"]
[Site "Torino ITA"]
[Date "2000.11.19"]
[Round "2"]
[White "Scarenzio,R"]
[Black "Soncin,D"]
[Result "1-0"]
[WhiteElo "2024"]
[BlackElo "2147"]

1.d4 Nf6 2.c4 g6 3.Nc3 d5 4.cxd5 Nxd5 5.e4 Nxc3 6.bxc3 Bg7 7.Bc4 c5 8.Ne2 Nc6
9.Be3 O-O 10.O-O Qc7 11.Rc1 Rd8 12.Qd2 a6 13.Bh6 Bh8 14.Rfd1 b5 15.Bb3 Bb7
16.Qe3 Rac8 17.dxc5 Na5 18.Nf4 Nxb3 19.axb3 Qe5 20.f3 Bc6 21.Rd3 g5 22.Rcd1 Re8
23.Nd5 f6 24.f4 gxf4 25.Bxf4 Qh5 26.Nc7 e5 27.Nxe8 exf4 28.Nxf6+ Bxf6 29.Qxf4 Qxc5+
30.Kh1 Qe5 31.Qg4+  1-0

[Event "Norkom European Masters"]
[Site "Kilkenny IRL"]
[Date "2000.11.26"]
[Round "5"]
[White "Hynes,K"]
[Black "Dooley,M"]
[Result "0-1"]
[WhiteElo "2231"]
[BlackElo "2146"]

1.d4 Nf6 2.c4 g6 3.Nc3 d5 4.cxd5 Nxd5 5.e4 Nxc3 6.bxc3 Bg7 7.Be3 O-O 8.Nf3 c5
9.Be2 Qa5 10.Qd2 Nc6 11.Rc1 cxd4 12.cxd4 Qxd2+ 13.Kxd2 Rd8 14.Rc4 Bg4 15.d5 e6
16.Kc2 exd5 17.exd5 Bf5+ 18.Kc1 Rxd5 19.Rd1 Rad8 20.Rxd5 Rxd5 21.a4 Na5 22.Rb4 Bf8
23.Rb5 Ba3+  0-1

[Event "FIDE WCh Women KO"]
[Site "New Delhi IND"]
[Date "2000.12.04"]
[Round "3.2"]
[White "Kachiani,K"]
[Black "Qin Kanying"]
[Result "1/2-1/2"]
[WhiteElo "2448"]
[BlackElo "2501"]

1.d4 Nf6 2.c4 g6 3.Nc3 d5 4.cxd5 Nxd5 5.e4 Nxc3 6.bxc3 Bg7 7.Be3 c5 8.Qd2 Qa5
9.Nf3 Nc6 10.Rb1 O-O 11.Rb5 cxd4 12.Rxa5 dxe3 13.Qxe3 Nxa5 14.h4 Be6 15.Ng5 Rfc8
16.e5 Nc4 17.Bxc4 Bxc4 18.h5 h6 19.Nf3 g5 20.Nd2 Bxa2 21.O-O b6 22.f4 gxf4
23.Rxf4 Be6 24.Rf3 Kh8 25.Rg3 a5 26.Ne4 a4 27.Nf6 exf6  1/2-1/2

[Event "FSGM December"]
[Site "Budapest HUN"]
[Date "2000.12.05"]
[Round "3"]
[White "Markus,R"]
[Black "Szeberenyi,A"]
[Result "1/2-1/2"]
[WhiteElo "2465"]
[BlackElo "2357"]

1.d4 Nf6 2.c4 g6 3.Nc3 d5 4.cxd5 Nxd5 5.e4 Nxc3 6.bxc3 Bg7 7.Bb5+ c6 8.Ba4 b5
9.Bb3 b4 10.Qf3 O-O 11.Ne2 a5 12.O-O Ba6 13.Rd1 Nd7 14.cxb4 axb4 15.Rb1 Qa5
16.Ng3 c5 17.dxc5 Nxc5  1/2-1/2

[Event "Bundesliga 2000-1"]
[Site "Plauen GER"]
[Date "2000.12.10"]
[Round "4"]
[White "Beliavsky,A"]
[Black "Epishin,V"]
[Result "1/2-1/2"]
[WhiteElo "2654"]
[BlackElo "2567"]

1.d4 Nf6 2.c4 g6 3.Nc3 d5 4.cxd5 Nxd5 5.e4 Nxc3 6.bxc3 Bg7 7.Bb5+ c6 8.Ba4 Na6
9.Nf3 O-O 10.O-O Bg4 11.Rb1 Qc7 12.h3 Bxf3 13.Qxf3 e5 14.Rd1 Rad8 15.Ba3 Rfe8
16.d5 Bf8 17.d6 Qc8 18.c4 b6 19.c5 Nxc5 20.Bxc5 bxc5 21.Bb3 Rd7 22.Bc4 Kg7
23.Rb3 Qd8 24.Ra3 Qb8 25.Rb3 Qd8 26.Ra3 Qb8 27.Qg4 Rxd6 28.Rxd6 Bxd6 29.Rf3 Rf8
30.Qh4 f5 31.Rb3 Qc8 32.exf5 Rxf5 33.g3 Rf8 34.Kg2 Qd7 35.Qe4 Rb8 36.Rf3 Rf8
37.Rd3 Rd8 38.h4 Qc7 39.h5 Be7 40.hxg6 hxg6 41.Rf3 Rf8 42.Rb3  1/2-1/2

[Event "Bundesliga 2000-1"]
[Site "Plauen GER"]
[Date "2000.12.10"]
[Round "4"]
[White "Beliavsky,A"]
[Black "Epishin,V"]
[Result "1/2-1/2"]
[WhiteElo "2654"]
[BlackElo "2567"]

1.d4 Nf6 2.c4 g6 3.Nc3 d5 4.cxd5 Nxd5 5.e4 Nxc3 6.bxc3 Bg7 7.Bb5+ c6 8.Ba4 Na6
9.Nf3 O-O 10.O-O Bg4 11.Rb1 Qc7 12.h3 Bxf3 13.Qxf3 e5 14.Rd1 Rad8 15.Ba3 Rfe8
16.d5 Bf8 17.d6 Qc8 18.c4 b6 19.c5 Nxc5 20.Bxc5 bxc5 21.Bb3 Rd7 22.Bc4 Kg7
23.Rb3 Qd8 24.Ra3 Qb8 25.Rb3 Qd8 26.Ra3 Qb8 27.Qg4 Rde7 28.d7 Re6 29.dxe8=Q Rxe8
30.Rd6 Bxd6 31.Rf3 Rf8 32.Qh4 f5 33.Rb3 Qc8 34.exf5 Rxf5 35.g3 Rf8 36.Kg2 Qd7
37.Qe4 Rb8 38.Rf3 Rf8 39.Rd3 Rd8 40.h4 Qc7 41.h5 Be7 42.hxg6 hxg6 43.Rf3 Rf8
44.Rb3 a5 45.Qb1 Qd6 46.Qe4  1/2-1/2

[Event "TCh-YUG Women"]
[Site "Kragujevac YUG"]
[Date "2000.12.12"]
[Round "2"]
[White "Alexandrova,O"]
[Black "Benderac,A"]
[Result "1-0"]
[WhiteElo "2421"]
[BlackElo "2246"]

1.d4 Nf6 2.c4 g6 3.Nc3 d5 4.cxd5 Nxd5 5.e4 Nxc3 6.bxc3 Bg7 7.Bc4 O-O 8.Ne2 c5
9.O-O Nc6 10.Be3 Bg4 11.f3 cxd4 12.cxd4 Na5 13.Bd3 Bd7 14.Rc1 a6 15.d5 Bb5
16.Nd4 Bxd3 17.Qxd3 b5 18.Nc6 Nxc6 19.Rxc6 Qa5 20.Qc2 b4 21.Bc5 Rfe8 22.Qc4 Bc3
23.Rb1 Qb5 24.Bxb4 Qxc4 25.Rxc4 Bxb4 26.Rbxb4 Rec8 27.Rxc8+ Rxc8 28.Ra4 Ra8
29.g4 Kf8 30.Kf2 Ke8 31.g5 Kd7 32.e5 Rb8 33.Rxa6 Rb5 34.Ra7+ Ke8 35.d6 exd6
36.exd6 Rxg5 37.a4 Rd5 38.d7+ Kd8 39.a5 Rd2+ 40.Kg3 Ra2 41.h4 Ra4 42.a6 h5
43.f4 Ra3+ 44.Kf2 Ke7 45.Ke2 Kd8 46.Kd2 Ra4 47.Kc3 Ra1 48.Kd4 Ra4+ 49.Kc5 Ra3
50.Kd6 Rd3+ 51.Ke5  1-0

[Event "Salona"]
[Site "Solin/Split CRO"]
[Date "2000.12.13"]
[Round "5"]
[White "Fressinet,L"]
[Black "Hauchard,A"]
[Result "1/2-1/2"]
[WhiteElo "2536"]
[BlackElo "2539"]

1.d4 Nf6 2.c4 g6 3.Nc3 d5 4.cxd5 Nxd5 5.e4 Nxc3 6.bxc3 Bg7 7.Nf3 c5 8.Be2 Nc6
9.d5 Bxc3+ 10.Bd2 Bxa1 11.Qxa1  1/2-1/2

[Event "Abel Cardona Open"]
[Site "Cali COL"]
[Date "2000.12.17"]
[Round "3"]
[White "Alvarez,A"]
[Black "Garcia,Alvaro COL"]
[Result "0-1"]
[WhiteElo "2110"]
[BlackElo "2253"]

1.d4 Nf6 2.c4 g6 3.Nc3 d5 4.cxd5 Nxd5 5.e4 Nxc3 6.bxc3 Bg7 7.Nf3 O-O 8.Be2 c5
9.O-O Nc6 10.Be3 cxd4 11.cxd4 Bg4 12.d5 Na5 13.Rc1 b6 14.Nd4 Bd7 15.Ba6 e6
16.dxe6 fxe6 17.f4 e5 18.fxe5 Qe7 19.Nf3 Be6 20.Bg5 Qe8 21.Qd2 Rf7 22.Bh6 Rd8
23.Qe3 Bxa2 24.Bxg7 Kxg7 25.Qc3 Kg8 26.Ng5 Re7 27.Qa3 Bb3 28.Bb5 Red7 29.e6 Qe7
30.Qb2  0-1